[Event "COMO EU QUERO VI"]
[Site "http://www.queenalice.com/game.php?id=1441764"]
[Date "2016.9.18"]
[Round "-"]
[White "perucona"]
[Black "LVL"]
[Result "1-0"]
[WhiteElo "1312"]
[BlackElo "1373"]

1. e4 e5 2. Nf3 Nc6 3. Nc3 Nf6 4. Bb5 a6 5. Bxc6 dxc6 6. d3 Bd6 7. O-O O-O 8.
Bg5 h6 9. Bxf6 Qxf6 10. Qe2 Qg6 11. g3 Bh3 12. Rfe1 Bg4 13. Qf1 Bxf3 14. Re3 Bg4
15. h3 1-0

[Event "QUASE SE M QUERER III"]
[Site "http://www.queenalice.com/game.php?id=1441775"]
[Date "2016.9.18"]
[Round "-"]
[White "rogeriooliveira"]
[Black "LVL"]
[Result "0-1"]
[WhiteElo "1356"]
[BlackElo "1415"]

1. e4 e5 2. Nf3 Nc6 3. Nc3 Nf6 4. Bb5 Bb4 5. Bxc6 dxc6 6. O-O Bxc3 7. bxc3 Nxe4
8. Qe1 Bf5 9. Ba3 c5 10. c4 Qd6 11. Rd1 O-O-O 12. Rb1 Nxd2 13. Rd1 Nxf3+ 14.
gxf3 Qg6+ 15. Kh1 Bxc2 16. Rc1 Qd3 17. Rg1 Qxf3+ 18. Rg2 Rd1 19. Rxd1 Bxd1 20.
Qg1 Rd8 21. Bxc5 Qc6 22. Be3 Bf3 23. h3 Bxg2+ 24. Qxg2 Rd1+ 25. Kh2 Qxg2+ 26.
Kxg2 a5 27. a4 Ra1 28. Bd2 Rxa4 29. f3 Ra2 30. Kf2 Rxd2+ 0-1

[Event "MAYDAY DESASTRES AEREOS"]
[Site "http://www.queenalice.com/game.php?id=1442364"]
[Date "2016.9.22"]
[Round "-"]
[White "rogeriooliveira"]
[Black "LVL"]
[Result "0-1"]
[WhiteElo "1322"]
[BlackElo "1339"]

1. e4 e5 2. Nf3 Nc6 3. Nc3 a6 4. Be2 Nf6 5. O-O Bb4 6. Re1 Bxc3 7. dxc3 Nxe4 8.
Rf1 O-O 9. Bg5 Nxg5 10. Nxg5 Qxg5 11. g3 d6 12. Qd3 Bf5 13. Qf3 Bxc2 14. Rac1 e4
15. Qg2 Bd3 16. Bxd3 exd3 17. Rcd1 d2 18. f3 Qc5+ 0-1

[Event "DEBATE XVII"]
[Site "http://www.queenalice.com/game.php?id=1446511"]
[Date "2016.10.20"]
[Round "-"]
[White "rogeriooliveira"]
[Black "LVL"]
[Result "0-1"]
[WhiteElo "1356"]
[BlackElo "1430"]

1. e4 d5 2. e5 e6 3. Nc3 Bc5 4. d3 Nc6 5. Be3 d4 6. Bxd4 Qxd4 7. Qd2 Nxe5 8.
O-O-O Nf6 9. Nf3 Nxf3 10. Qe2 Qf4+ 11. Kb1 Nd4 12. Qd2 Qxd2 13. Rxd2 O-O 14. Be2
Bb4 15. Rhd1 e5 16. a3 Bxc3 17. bxc3 Nb5 18. Kb2 Be6 19. f3 c6 20. Re1 Rad8 21.
Rh1 Nd7 22. Rg1 Nc5 23. a4 Nxa4+ 24. Kc1 Naxc3 25. Kb2 Rd4 26. g4 Rb4+ 27. Ka1
Ra4+ 28. Kb2 Ra2+ 29. Kc1 Ra1+ 30. Kb2 Rxg1 0-1

[Event "SENTA A PUA IV"]
[Site "http://www.queenalice.com/game.php?id=1454060"]
[Date "2016.12.9"]
[Round "-"]
[White "perucona"]
[Black "LVL"]
[Result "0-1"]
[WhiteElo "1496"]
[BlackElo "1374"]

1. e4 d5 2. exd5 Qxd5 3. Nc3 Qd6 4. Nf3 e5 5. Ne4 Qd5 6. d3 Nc6 7. Be3 f5 8. Nc3
Bb4 9. Bd2 Bxc3 10. Bxc3 Nf6 11. Be2 Be6 12. O-O O-O-O 13. Qd2 Ng4 14. h3 Nf6
15. Rfd1 e4 16. dxe4 Qxe4 17. Rac1 Rxd2 18. Rxd2 Rd8 19. Rxd8+ Nxd8 20. Bxf6
gxf6 21. Bd3 Qf4 22. Re1 Bxa2 23. g3 Qxf3 24. Be2 Qe4 25. Kf1 Qh1# 0-1

[Event "FISCAL VII"]
[Site "http://www.queenalice.com/game.php?id=1455041"]
[Date "2016.12.16"]
[Round "-"]
[White "perucona"]
[Black "LVL"]
[Result "0-1"]
[WhiteElo "1504"]
[BlackElo "1443"]

1. e4 e5 2. Nf3 f5 3. exf5 d6 4. Nc3 Nf6 5. Bb5+ c6 6. Be2 Bxf5 7. O-O Nbd7 8.
d3 Qb6 9. b3 O-O-O 10. Ng5 Bg6 11. h3 h6 12. Nf3 e4 13. dxe4 Nxe4 14. Nxe4 Bxe4
15. Bd3 Nc5 16. Re1 d5 17. Bxe4 dxe4 18. Nd4 Be7 19. Be3 Rd5 20. Re2 Rhd8 21.
Kh1 Bf6 22. Qf1 Bxd4 23. Bxd4 Rxd4 0-1

[Event "MAYDAY 3054 VI"]
[Site "http://www.queenalice.com/game.php?id=1455445"]
[Date "2016.12.18"]
[Round "-"]
[White "rogeriooliveira"]
[Black "LVL"]
[Result "0-1"]
[WhiteElo "1356"]
[BlackElo "1399"]

1. e4 d5 2. exd5 Qxd5 3. Nc3 Qe6+ 4. Qe2 Nf6 5. Qxe6 Bxe6 6. Nf3 Bf5 7. Bd3 Bxd3
8. cxd3 Nc6 9. O-O O-O-O 10. Re1 Rxd3 11. Re3 Rxe3 12. dxe3 e5 13. Bd2 Bc5 14.
Re1 e4 15. Ng5 Rd8 16. Nxf7 Rxd2 17. b3 Ng4 18. Rf1 Bb4 19. Nb1 Rxa2 20. Rd1
Rxf2 21. h3 Rxf7 22. Nd2 Nxe3 23. Re1 Bxd2 24. Ra1 a5 25. g3 Bc3 26. Rc1 Bd4 0-1

[Event "FUMAÇA V"]
[Site "http://www.queenalice.com/game.php?id=1464884"]
[Date "2017.2.16"]
[Round "-"]
[White "perucona"]
[Black "LVL"]
[Result "0-1"]
[WhiteElo "1446"]
[BlackElo "1476"]

1. e4 d5 2. e5 Bd7 3. Nf3 Nc6 4. Nc3 Bg4 5. h3 Bxf3 6. gxf3 Nxe5 7. Qe2 Nc4 8.
b3 Nb6 9. d4 e6 10. Bg2 Qd7 11. Be3 Bb4 12. Bd2 O-O-O 13. O-O-O Nf6 14. Rhf1 h6
15. Rfe1 a6 0-1

[Event "Eu com as brancas"]
[Site "http://www.queenalice.com/game.php?id=1465232"]
[Date "2017.2.18"]
[Round "-"]
[White "LVL"]
[Black "perucona"]
[Result "1-0"]
[WhiteElo "1313"]
[BlackElo "1299"]

1. Nc3 d6 2. e4 e6 3. d4 e5 4. Bb5+ c6 5. Be2 exd4 6. Qxd4 c5 7. Bb5+ Bd7 8. Qd5
Nf6 9. Qxb7 Nc6 10. Bxc6 Bxc6 11. Qxc6+ 1-0

[Event "PINTURA INTIMA IV"]
[Site "http://www.queenalice.com/game.php?id=1467423"]
[Date "2017.3.5"]
[Round "-"]
[White "rogeriooliveira"]
[Black "LVL"]
[Result "0-1"]
[WhiteElo "1350"]
[BlackElo "1497"]

1. e4 e5 2. Nf3 d6 3. Nc3 Bd7 4. Bb5 Nf6 5. Bxd7+ Nbxd7 6. O-O g6 7. d3 Bg7 8.
Bg5 O-O 9. Bxf6 Nxf6 10. Qd2 c6 11. Rfe1 b5 12. b4 a5 13. bxa5 Qxa5 14. Re3 Bh6
15. Qe1 Bxe3 0-1

[Event "Hello_World"]
[Site "http://www.queenalice.com/game.php?id=1485889"]
[Date "2017.7.13"]
[Round "-"]
[White "LVL"]
[Black "NataliaMichels"]
[Result "1-0"]
[WhiteElo "1355"]
[BlackElo "1329"]

1. b4 e5 2. Bb2 Qe7 3. a3 d6 4. e4 Nf6 5. Nc3 Bg4 6. Bb5+ Nbd7 7. Nge2 Bxe2 8.
Qxe2 O-O-O 9. a4 g6 10. a5 a6 11. Bxa6 bxa6 12. Qxa6+ Kb8 13. Nb5 Bg7 14. Qa7+
Kc8 15. Qxc7# 1-0

[Event "Challenge"]
[Site "http://www.queenalice.com/game.php?id=1512085"]
[Date "2018.1.16"]
[Round "-"]
[White "LVL"]
[Black "alepersichetti"]
[Result "0-1"]
[WhiteElo "1507"]
[BlackElo "1490"]

1. d4 Nf6 2. Nc3 d5 3. Bg5 Nbd7 4. Nf3 h6 5. Bf4 g5 6. Be5 Bg7 7. Nxd5 Nxd5 8.
Bxg7 Rh7 9. Be5 f6 10. Bg3 h5 11. Qd3 Nf8 12. h3 h4 13. Bh2 Be6 14. e4 Nb4 15.
Qb5+ Qd7 16. Qxb4 a5 17. Qxb7 Rd8 0-1